Hinduism / (Record no. 124502)

MARC details
000 -LEADER
fixed length control field 00578nam a22002177a 4500
005 - DATE AND TIME OF LATEST TRANSACTION
control field 20170124105940.0
010 ## - LIBRARY OF CONGRESS CONTROL NUMBER
LC control number A-318243
020 ## - INTERNATIONAL STANDARD BOOK NUMBER
Terms of availability 00.00
035 ## - SYSTEM CONTROL NUMBER
System control number A-318243
037 ## - SOURCE OF ACQUISITION
Source of stock number/acquisition Cen Lib/Ret
040 ## - CATALOGING SOURCE
Original cataloging agency DPL
Language of cataloging EN
082 ## - DEWEY DECIMAL CLASSIFICATION NUMBER
Classification number 230
Item number KAR
100 ## - MAIN ENTRY--PERSONAL NAME
Personal name Karan Singh
9 (RLIN) 10184
245 ## - TITLE STATEMENT
Title Hinduism /
Statement of responsibility, etc by Karan Singh
260 ## - PUBLICATION, DISTRIBUTION, ETC. (IMPRINT)
Place of publication, distribution, etc New Delhi
Name of publisher, distributor, etc Criterion Publications
Date of publication, distribution, etc 1987
270 ## - ADDRESS
City New Delhi
Address 136 Raja Garden
Postal code 110015
300 ## - PHYSICAL DESCRIPTION
Extent 164p.
Dimensions 21cm(Hb)
650 ## - SUBJECT ADDED ENTRY--TOPICAL TERM
Topical term or geographic name as entry element Religion
9 (RLIN) 34411
650 ## - SUBJECT ADDED ENTRY--TOPICAL TERM
Topical term or geographic name as entry element Hinduism
9 (RLIN) 34412
942 ## - ADDED ENTRY ELEMENTS (KOHA)
Source of classification or shelving scheme Dewey Decimal Classification
Koha item type English Books
Classification part 230
Call number suffix KAR
Holdings
Withdrawn status Lost status Damaged status Not for loan Home library Current library Date acquired Source of acquisition Cost, normal purchase price Total Checkouts Full call number Barcode Date last seen Date checked out Copy number Cost, replacement price Price effective from Koha item type
        Central Library Central Library 16/06/2015 Cen Lib/Ret 0.00 2 230 KAR A-318243 30/10/2021 25/09/2021 1 0.00 15/09/2016 English Books

© Delhi Public Library
Hit Counter
free hit counter